| 000 | 00773nam a22002417a 4500 | ||
|---|---|---|---|
| 005 | 20250725122916.0 | ||
| 008 | 250725b |||||||| |||| 00| 0 eng d | ||
| 020 | _a978-9936-601-44-4 (pbk) | ||
| 037 | _cTB | ||
| 040 |
_aCRL _cCRL |
||
| 041 |
_2PER _aPER |
||
| 084 |
_aO168,1M76x 164Q7 _bCRL |
||
| 100 |
_aIqabal, Allama _9816537 |
||
| 245 | _aKulliyat-e-Iqbal | ||
| 300 | _a750p. | ||
| 365 |
_b1500.00 _cINR |
||
| 546 | _aTranslated from Urdu to Persian | ||
| 650 | _aUrdu Literature | ||
| 650 |
_aUrdu Poetry- Allama Iqbal _9816538 |
||
| 700 |
_aMohammad Afsar Rahbeen _eTranslator _9816539 |
||
| 942 |
_2CC _cTB _hO168,1M76x 164Q7 _n0 |
||
| 999 |
_c1434292 _d1434292 |
||